Statistics for Every Settlement in the Coromandel on a Map

Click here to take the quiz!

General Stats

  • This quiz has been taken 15 times
  • The average score is 21 of 61

Answer Stats

Pop. Settlement % Correct
7,066TThames
100%
1,410CCoromandel Town
100%
4,266WWhitianga
90%
5,572WWaihi
90%
4,180PPaeroa
80%
3,569WWhangamata
80%
802PPauanui
60%
227KKopu
60%
1,226TTairua
50%
85HHikuai
50%
74OOpoutere
40%
140OOnemana
40%
353CCooks Beach
40%
168CCoroglen
40%
355HHahei
40%
51PPort Charles
30%
56OOpito Bay
30%
59WWaiau
30%
32FFerry Landing
30%
97PPurangi
30%
103CColville
30%
104KKuaotunu
30%
129KKennedy Bay
30%
23PPumpkin Hill
30%
20WWaiaro
30%
14HHot Water Beach
30%
159AAmodeo Bay
30%
4FFletcher Bay
30%
294MMatarangi
30%
516TTe Puru
30%
437WWaikino
30%
361PPuriri
30%
312WWhenuakite
30%
298KKarangahake
30%
279KKaimarama
30%
175MManaia
20%
51TTuateawa
20%
53KKereta
20%
361KKomata
20%
34WWaitaia Bay
20%
33TTe Rerenga
20%
23PPukepoto
20%
22PPort Jackson
20%
13RRuamahunga
20%
304HHikutaia
20%
64TTe Mata
20%
60WWaikawau
20%
148TTapu
20%
82NNgarimu Bay
20%
294WWhiritoa
20%
87WWhakatete Bay
20%
88OOtapaurau
20%
90TTe Kouma
20%
250MMatatoki
20%
112WWyuna Bay
20%
238WWhangapoua
20%
135RRings Beach
20%
219WWaiomu
20%
218WWharekaho
20%
145PPreece Point
20%
248TThornton Bay
0%

Score Distribution

Percentile by Number Answered

Percent of People with Each Score

Your Score History

You have not taken this quiz